000 00829nam a22002297a 4500
005 20150813174324.0
008 150813b xxu||||| |||| 00| 0 eng d
010 _aB-598020
020 _a9788120801646
_c195.00
035 _aB-598020
037 _bUBH
040 _adpl
_bhn
082 _a510
100 _aBharati Krsna Tirthaji Mharaja
245 _aVedic Mathematics
_cby Bharati Krsna Tirthaji Maharaja; edited by V. S. Agrawala/
250 _arev. ed.
260 _aDelhi
_bMotilal Banarsidass
_c2013
270 _a41 U.A. Bungalow Road, Jawahar Nagar,
_bDelhi-
_e110007
300 _a355p
_c21cm.(pbk)
942 _2ddc
_cEN
_h510
_mBHA
999 _c95988
_d95988